000
00219 a2200097 4500
001
31423
100
_a
Ivens
245
_a
Ten Minute Guide to Microsoft Exchange 4.0
260
_a
PH
_b
PHI
_c
1996
090
_c
21308
_d
21308
942
_a
NUST-CAE
_c
M
_c
12568
999
_c
266496
_d
266496